000 00531nam a2200205Ia 4500
005 20250508165958.0
008 008 250505s9999 xx 000 0 eng d
037 _aTextual
040 _aFEDL
_beng
_cFEDL
041 _aeng
_2eng
084 _a823, COO
_qFEDL
100 _aCook Robin
_9416618
245 0 _aInvasion
260 _aLondon, UK
_bPan Books
_c1997
300 _a393p.
365 _aINR
_b225
546 _aGifted by HOD. Namita Ranganathan
942 _cTEXL
_h823, COO
999 _c1398503
_d1398503